Записка неизвестного лица "О полиции"

RUSMARC
00004820nac2a22003373x 450
001fece82d0-28a0-4db5-922c-d8ec0cfa89d2
00520240723151204.0
100##$a20240716l1888 k y0rusy50 ca
1010#$arus
102##$aRU
105##$ay z |||||
1220#$ad18881231
2001#$aЗаписка неизвестного лица "О полиции"
$j[18--]
215##$a30 листов
$d36,6 х 24,2
251##$cДело
300##$aЛисты: 30 листов, в том числе: ненумерованные чистые листы № после листа 30 (1)
300##$aТетрадь, переплет-бумага, картон, дерматин, кожа, золотое теснение
300##$aНа обложке наклеен бумажный архивный ярлык
300##$aНа папке дела: б/д
300##$aРукописный текст
325##$aЗамикрофильмировано
330##$aВходит в раздел описи: Материалы, относящиеся к деятельности Лорис-Меликова М. Т. в Верховной Распорядительной Комиссии
461#0$1001cda3d175-ae4a-411a-8dea-9cc20fb178f6
$12001
$aЛорис-Меликов Михаил Тариелович, граф, министр внутренних дел, главный начальник "верховной распорядительной комиссии по охранению государственного порядка и общественного спокойствия", генерал от кавалерии
$1251
$cФонд
$1852
$j569
462#0$1001163e060a-d7cc-404d-90ee-e28c9801971b
$12001
$aОпись дел фонда М. Т. Лорис-Меликова за 1858-1915 гг.
$vД. 104
$1251
$cОпись
$1852
$j1
605##$3DITM\AF\0000002775
$aВласть
$lколлекция
$2acquisition_prlib
6101#$aЗаписка о полиции
686##$a63.3(2)535-332ю1
$cИстория
$2rubbk
686##$a67.400.6ю1
$cПраво
$2rubbk
801#0$aRU
$bGA_RF
801#1$aRU
$bГлавНИВЦ
$c20240716
$2rusmarc
801#2$aRU
$bПБ им. Б.Н. Ельцина
$c20240723
$gRCR
$2rusmarc
852##$aГА РФ
$j104
937##$d193080700
$hГАРФ
035##$aRuPRLIB51076802
856##$uhttp://readingroom.main.prlib.ru/item.aspx?id_node=n193080700&mode=full
Формат отображения